| 000 | 01772nam0a2200361 4500 | ||
|---|---|---|---|
| 001 | RU\NLR\BIBL_A\022627208 | ||
| 005 | 20251128170412.0 | ||
| 010 | _a978-5-00237-229-4 | ||
| 021 |
_aRU _bКН-П-25-046043 _9КН-П-25-4470 |
||
| 035 | _a(NLR Aleph) 022627208 | ||
| 090 |
_a13471897 _c13471897 |
||
| 100 | _a20250922d2025 u y0rusy50 ca | ||
| 101 | 0 |
_arus _aeng |
|
| 102 | _aRU | ||
| 105 | _ay z 001yy | ||
| 181 | 0 |
_ai4 _baxxe |
|
| 182 | 0 | _an | |
| 200 | 1 |
_aRussian-English in writing _eкарманная книга эпизодического переводчика научной литературы на английский язык _eсоветы, наблюдения, практические рекомендации от профессора-математика _fС. С. Кутателадзе |
|
| 203 |
_aТекст _bвизуальный _cнепосредственный |
||
| 205 | _a9-е изд., исправл. | ||
| 210 |
_aМосква _cURSS, ЛЕНАНД _d2025 |
||
| 215 |
_a196 с. _d22 |
||
| 320 | _aБиблиогр.: с. 193-196 и в подстроч. примеч. | ||
| 320 | _aПредм.-имен. указ.: с. 182-191 | ||
| 606 | 1 |
_aАнглийский язык _xПеревод _jУчебные издания _2nlr-sh2 _3RU\NLR\auth\661280124 |
|
| 606 | 1 |
_aРусский язык _xПеревод _xАнглийский язык _jУчебные издания _2nlr-sh2 _3RU\NLR\auth\66974496 |
|
| 686 | 1 | _aШ141.12-77я7 | |
| 686 | 1 | _aШ143.21-93рус-77 | |
| 700 | 1 |
_aКутателадзе _bС. С. _cд-р физ.-мат. наук, математик _f1945- _gСемен Самсонович _3RU\NLR\AUTH\77102475 |
|
| 942 | _cBOOK | ||
| 980 | _aNB | ||